000 01235cam a2200253 4500
001 ABS63171
008 000000n2000 000 0 eng u
035 _a(Sirsi) u109323
100 _aMorley, R
245 _aOnline estate agency - the winners and the losers
260 _c2000
490 _aProperty Forecast
_v3(11) November 2000, 10-11(2)
520 _aLooks at the players in the online estate agency market, and pinpoints some of the successes and failures. Suggests that the internet has given estate agents a chance to relaunch themselves, and become more efficient and profitable. Highlights the key advantages of the internet for both buyers and agents. Warns that direct models such as boxman.com and boo.com have failed because of consumer reluctance to purchase property online. Compares this with the success of propertyfinder.co.uk which effectively manages and exploits the increased volume of consumer traffic, yet is unobtrusive to buyers.
590 _aABS
650 _aWEB SITES
650 _aINTERNET
650 _aESTATE AGENCY
650 _aRESIDENTIAL AGENCY
650 _aCONSUMERS
650 _aSELLING
650 _aBUYING
690 _aINFORMATION TECHNOLOGY-INTERNET
942 _n0
999 _c65251
_d65251